Name all Democratic presidents - Statistics

General Stats
  • This quiz has been taken 35 times
  • The average score is 10 of 16
Answer Stats
Democratic President % Correct
35th President John F. Kennedy
94%
36th President Lyndon B. Johnson
94%
7th President Andrew Jackson
88%
17th President Andrew Johnson
88%
32nd President Franklin D. Roosevelt
88%
33rd President Harry S Truman
88%
15th President James Buchanan
88%
11th President James K. Polk
76%
28th President Woodrow Wilson
76%
22nd AND 24th Grover Cleveland
71%
8th President Martin Van Buren
71%
14th President Franklin Pierce
65%
42nd President William J. Clinton
12%
44th President Barack H. Obama
6%
39th President James E. Carter
6%
46th President Joseph R. Biden Jr.
6%
No matching quizzes found
Score Distribution
Percent of People with Each Score
Percentile by Number Answered
Your Score History
You have not taken this quiz